بذور الكرامة : (Record no. 11585)

MARC details
000 -LEADER
fixed length control field 00597nam a22001697a 4500
005 - DATE AND TIME OF LATEST TRANSACTION
control field 20251108164657.0
008 - FIXED-LENGTH DATA ELEMENTS--GENERAL INFORMATION
fixed length control field 250721s1985 xx 000 0 ara d
082 14 - DEWEY DECIMAL CLASSIFICATION NUMBER
Classification number 811.0809/معر
100 1# - MAIN ENTRY--PERSONAL NAME
Personal name رفيق، معروف
245 10 - TITLE STATEMENT
Title بذور الكرامة :
Remainder of title دراسة حول القصائد التي نشرت بمناسبة إستشهاد المناضلة سناء محيدلي /
264 1# - PRODUCTION, PUBLICATION, DISTRIBUTION, MANUFACTURE, AND COPYRIGHT NOTICE
Place of production, publication, distribution, manufacture الدوحة :
Name of producer, publisher, distributor, manufacturer مؤسسة الشرق للعلاقات،
Date of production, publication, distribution, manufacture, or copyright notice 1985.
300 ## - PHYSICAL DESCRIPTION
Extent 185 ص
650 17 - SUBJECT ADDED ENTRY--TOPICAL TERM
Topical term or geographic name as entry element الشعر الوطني
650 17 - SUBJECT ADDED ENTRY--TOPICAL TERM
Topical term or geographic name as entry element شعر الفخر
942 ## - ADDED ENTRY ELEMENTS (KOHA)
Source of classification or shelving scheme Dewey Decimal Classification
Koha item type Books
Holdings
حالة السحب حالة الفقدان مصدر التصنيف حالة التلف غير قابل للإعارة المكتبة الرئيسية المكتبة الحالية موقع الرف تاريخ التزويد الرقم المتسلسل Total Checkouts رقم الإستدعاء تاريخ آخر ظهور تاريخ الفاتورة نوع المادة (كوها) الباركود
    Dewey Decimal Classification Unchecked   مكتبة الاميرة بديعة مكتبة الاميرة بديعة الإعارة 06/07/2004 2330   811.0809/معر 28/07/2025 06/07/2004 Books  
    Dewey Decimal Classification Unchecked   مكتبة الجويدة مكتبة الجويدة الإعارة 06/07/2004 2131   811.0809/معر 28/07/2025 06/07/2004 Books  
    Dewey Decimal Classification Unchecked   مكتبة النصر العامة مكتبة النصر العامة الإعارة 06/07/2004 4172   811.0809/معر 28/07/2025 06/07/2004 Books  
    Dewey Decimal Classification     مكتبة صويلح العامة مكتبة صويلح العامة الإعارة 02/05/2027 05243   811.0809/معر 28/07/2025 02/05/2027 Books PLD00485219
    Dewey Decimal Classification Unchecked   مكتبة وادي السير العامة مكتبة وادي السير العامة الإعارة 06/07/2004 1338   811.0809/معر 28/07/2025 06/07/2004 Books  
Implemented & Customized by: BBB with SCIT (Smart Chains for Information Technology)

Powered by Koha